| 000 | 00400nam a2200169Ia 4500 | ||
|---|---|---|---|
| 003 | LK-CoDNM | ||
| 008 | 010623t1949 xxu||||| |||| 00| 1 sin d | ||
| 040 |
_aLK-CoDNM _dLK-CoDNM _eLK-CoDNM |
||
| 041 | _asin | ||
| 080 | _aT 45 | ||
| 100 |
_aJayamaha,Wellala _eed. |
||
| 245 | _aඑඩිය | ||
| 246 | _aEdiya | ||
| 260 |
_bArisen Ahubudu _aUnawatuna _c1949 |
||
| 300 | _b8P., 21 cm | ||
| 942 | _cBK | ||
| 999 |
_c101580 _d101580 |
||